LEADER 02707nam 2200661 a 450 001 9910454771303321 005 20211002010131.0 010 $a0-520-92433-9 010 $a1-59734-452-4 024 7 $a10.1525/9780520924338 035 $a(CKB)111056485640914 035 $a(EBL)223021 035 $a(OCoLC)475926949 035 $a(SSID)ssj0000099333 035 $a(PQKBManifestationID)11137989 035 $a(PQKBTitleCode)TC0000099333 035 $a(PQKBWorkID)10017483 035 $a(PQKB)10877127 035 $a(StDuBDS)EDZ0000084726 035 $a(MiAaPQ)EBC223021 035 $a(DE-B1597)520105 035 $a(OCoLC)49570136 035 $a(DE-B1597)9780520924338 035 $a(Au-PeEL)EBL223021 035 $a(CaPaEBR)ebr10053541 035 $a(EXLCZ)99111056485640914 100 $a19991026d2000 ub 0 101 0 $aeng 135 $aurnn#---|u||u 181 $ctxt 182 $cc 183 $acr 200 14$aThe Advent project$b[electronic resource] $ethe later-seventh-century creation of the Roman Mass proper /$fJames W. McKinnon 210 $aBerkeley $cUniversity of California Press$dc2000 215 $a1 online resource (483 p.) 300 $aDescription based upon print version of record. 311 0 $a0-520-22198-2 320 $aIncludes bibliographical references (p. 445-454) and index. 327 $tFront matter --$tContents --$tTables --$tAcknowledgments --$tIntroduction --$tI. The Prehistory --$tII. The Seventh-Century Roman Background --$tIII. The Advent Project --$tEpilogue: The Central Question of Gregorian Chant --$tNotes --$tWorks Cited --$tIndex 330 $aIn his final accomplishment of an extraordinarily distinguished career, James W. McKinnon considers the musical practices of the early Church in this incisive examination of the history of Christian chant from the years A.D.. 200 to 800. The result is an important book that is certain to have a long-lasting impact on musicology, religious studies, and history. 606 $aMass (Music)$y500-1400 606 $aPropers (Music)$y500-1400$xHistory and criticism 606 $aGregorian chants$xHistory and criticism 606 $aChurch music$xCatholic Church 608 $aElectronic books. 615 0$aMass (Music) 615 0$aPropers (Music)$xHistory and criticism. 615 0$aGregorian chants$xHistory and criticism. 615 0$aChurch music$xCatholic Church. 676 $a782.32/35/094563209021 700 $aMcKinnon$b James W.$f1932-$01047672 801 0$bMiAaPQ 801 1$bMiAaPQ 801 2$bMiAaPQ 906 $aBOOK 912 $a9910454771303321 996 $aThe Advent project$92475396 997 $aUNINA LEADER 01011nam0-2200325---450 001 990008332590403321 005 20260217104418.0 010 $a0-7294-0551-6 035 $a000833259 035 $aFED01000833259 035 $a(Aleph)000833259FED01 035 $a000833259 100 $a20060522d1997----km-y0itay50------ba 101 0 $afre 102 $aGB 105 $ay-------001yy 200 1 $aJohn Locke et les philosophes français$ela critique des idées innées en France au dix-huitiéme siècle$fJorn Schosler 210 $aOxford$cVoltaire Foundation$d1997 215 $aVIII, 183 p.$d24 cm 225 1 $aStudies on Voltaire and the eighteenth century$v353 610 0 $aJohn Locke 676 $a194$v21$zita 700 1$aSchosler,$bJorn$0500436 801 0$aIT$bUNINA$c20060519$gRICA$2UNIMARC 901 $aBK 912 $a990008332590403321 952 $a191.2 SVEC 353$bBibl. 52750$fFLFBC 959 $aFLFBC 996 $aJohn Locke et les philosophes français$9743884 997 $aUNINA LEADER 01183cam0-2200373---450 001 990004092550403321 005 20260323125501.0 010 $a0-8018-2860-0 035 $aFED01000409255 035 $a(Aleph)000409255FED01 035 $a000409255 100 $a19990604d1983----km-y0itay50------ba 101 0 $aeng 102 $aUS 105 $ay-------001yy 200 1 $aRenaissance Humanism in Papal Rome$eHumanists and churchmen on the eve of the Reformation$fJohn F. D'Amico 210 $aBaltimore$cJ. Hopkins Univ. Press$d1983$aLondon 215 $aXVIII, 331 p.$d23 cm 225 1 $a<>Johns Hopkins university studies in historical and political science$i101 Series$v1. 610 0 $aUmanesimo$aRoma 610 0 $aCuria romana$aStoria$a1420-1527 610 0 $aRoma$aCultura$aSec. 15.-16. 676 $a945.63206 676 $a340 700 1$aD'Amico,$bJohn F.$0158635 801 0$aIT$bUNINA$gRICA$2UNIMARC 901 $aBK 912 $a990004092550403321 952 $aSDI-KE 301$b3195$fSDI 952 $a945.632 DAMJ 01$bDFM.3321$fFLFBC 959 $aSDI 959 $aFLFBC 996 $aRenaissance Humanism in Papal Rome$9477944 997 $aUNINA